000 00768nam a22001937a 4500
999 _c370893
_d370893
008 201130b ||||| |||| 00| 0 eng d
040 _bger
_cDE-2950
_erda
_aDE-2950
041 _ager
100 _aMahlke Lisa:
245 _aStadt sucht "Brückenbauer".
_bDeutsche Einheit: Frankfurter sollen für die Bewerbung als Standort für das Zukunftszentrum einbezogen werden - die Stadt will in die zweite Reihe zurücktreten./
_cMahlke Lisa
264 _c2021
653 _aFrankfurt (Oder)
653 _aZukunftszentrum
773 _dFrankfurt (Oder): Märkisches Verlags- und Druckhaus GmbH & Co KG
_g32. Jahrgang (2021) Nr. 231 vom 04.10.2021, S. 13
_tMärkische Oderzeitung
942 _cA